000 004520000a22001810004500
003 MACL
005 20160109133606.0
008 160109b xxu||||| |||| 00| 0 eng d
040 _aMACL
_cMACL
041 _aEnglish
082 _a920.71/NAR
100 _aNarayan, B K.
_929762
245 _aGeneral J N Chaudhuri
260 _bVikash Publishing House
_c1978
_aDelhi
350 _a45
650 _aAutobiography
_930410
942 _cBK
_k920.71/Nar
_2ddc
999 _c34371
_d34371